000 00516nam a2200193Ia 4500
003 GCL
008 140319s9999 xx 000 0 ara d
040 _aGCL /
_cGCL
082 0 4 _a811.5
_bى ف
100 1 _aيوسف خليف
245 1 0 _aفى الشعر العباسى نمو منهج جديد /
_cيوسف خليف
300 _a247 ص
490 _a
650 0 4 _aالشعر العربى
650 0 4 _aالادب العربى
650 0 4 _aالشعر
650 0 4 _aتاريخ ونقد
942 _2ddc
_cBK
999 _c41041
_d41041